| 000 | 00985nam a2200265 a 4500 | ||
|---|---|---|---|
| 003 | AR-BaBNM | ||
| 005 | 20251128210542.0 | ||
| 008 | 082120s2002 ||||||||||||||000 | spa|| | ||
| 020 | _a84-2770990-0 | ||
| 040 | _cAR-BaBNM | ||
| 110 | 2 | _aEquipo Pymalion | |
| 245 | 0 | 0 | _aIntersubject activities |
| 250 | _a1ª ed. | ||
| 260 |
_aMadrid _bMinisterio de Educación y Ciencia _bNarcea _c1992 |
||
| 300 |
_ap. irreg. _bil., gráfs., tablas |
||
| 490 | 0 | _aMateriales 12-16 para educación secundaria | |
| 500 | _aEl Equipo Pymalion es un grupo de trabajo formado por profesores de Inglés que tratan de avanzar en una propuesta de aprendizaje más eficaz y humanizadora.Los profesores que trabajaron en este ejemplar son: Carmen Sánchez Sánchez-Marmol, Lourdes Pozuelo H | ||
| 650 | 4 | _aINGLES | |
| 650 | 4 | _aENSEÑANZA DE IDIOMAS | |
| 650 | 4 | _aACTIVIDADES DE APRENDIZAJE | |
| 650 | 4 | _aMETODOS DE ENSEÑANZA | |
| 650 | 4 | _aTECNICAS DIDACTICAS | |
| 942 | _cBK | ||
| 998 | _cRaquel | ||
| 999 |
_c15908 _d15908 |
||